| 000 | 00553nam a2200193Ia 4500 | ||
|---|---|---|---|
| 003 | IN-BaIIA | ||
| 008 | 211028s9999 xx 000 0 eng d | ||
| 040 | _cIIA Library | ||
| 080 |
_a681.14 _bSCO |
||
| 100 |
_aScott, Norman R _99796 |
||
| 245 | 0 |
_aElectronic computer technology _cNorman R Scott |
|
| 260 |
_aTokyo _bMcGraw-Hill _c1970 |
||
| 300 | _axiii, 618p. | ||
| 650 |
_aAnalog computers _94147 |
||
| 650 |
_aComputers _92283 |
||
| 650 | _aDigital computers | ||
| 650 | _aNASA Thesaurus | ||
| 942 | _cBK | ||
| 999 |
_c5638 _d5638 |
||